Vegetable seed production

Shranjeno v:
Bibliografske podrobnosti
Glavni avtor: George, Raymond A. T (Author)
Format: Knjiga
Jezik:angleščina
Izdano: Nueva York CABI 1999
Izdaja:2a. ed
Teme:
Oznake: Označite
Brez oznak, prvi označite!

MARC

LEADER 00000nam a2200000 a 4500
001 UCO4472
003 CL-VaPUC
008 000804e19990000US |||||||||||||||||eng|d
082 0 4 |a 631.521  |b GEO  |2 21 
100 |a George, Raymond A. T  |e author  |9 599660 
245 1 0 |a Vegetable seed production 
250 |a 2a. ed 
300 |a 328 p 
942 |c BK 
945 |d 20000804 00:00:00  |a vberengu 
260 |a Nueva York  |b CABI  |c 1999 
650 0 |a Hortalizas  |9 259501 
650 0 |a Horticultura  |9 259721 
650 7 |a PRODUCCION DE SEMILLAS  |2 CL-VaPUC  |9 449021 
650 0 |a Propagación de plantas  |9 339631 
650 0 |a Semillas   |9 264396 
650 0 |a Tecnología agrícola  |9 325634 
583 |a last modification  |c 20000804 00:00:00  |k Rodrigo Vera 
999 |c 290513  |d 290511 
952 |0 0  |1 0  |4 0  |6 631_521000000000000_GEO_1999  |7 0  |8 A  |9 340002  |a BIBAGR  |b BIBAGR  |d 2019-11-20  |i 3633802  |o 631.521 GEO 1999  |p 3633802  |r 2025-01-20  |w 2019-11-20  |y BK  |k AGR